000 01008nam0a22002651 4500
001 rc\3712015
005 20250610102729.0
021 _aRU
_b[70-17745]
035 _a(NLR Aleph) 007858317
090 _a7794869
_c7794869
100 _a20130115d1969 |||y0rusy50 ca
101 0 _arus
102 _aRU
105 _ay z |||||
200 1 _aПреобразование случайных процессов в простейших нелинейных цепях
_e[Учеб. пособие]
_fМ-во связи СССР. Моск. электротехн. ин-т связи
210 _aМосква
_cБ. и.
_d1969
215 _a52 с.
_cграф.
_d19
606 _aСлучайные процессы (мат.), теория
_2psbo
606 _aСтатистическая радиотехника
_2psbo
700 1 _aСвириденко
_bС.С.
_gСергей Сергеевич
801 0 _aRU
_bNLR
_gpsbo
801 1 _aRU
_bELAR
_2rusmarc
852 _aNLR
_j70-4/2334
942 _cBOOK
980 _aNB